De quels pays sont les champions olympiques 2024 ? - Athlétisme - Statistiques

Statistiques générales
  • Ce quiz a été pris 53 fois
  • Le résultat moyen est 32 sur 48
Statistiques - réponses
Épreuve Athlète(s) Nation % Correct
100 m H Noah Lyles États Unis
100%
400 m H Quincy Hall États Unis
96%
Saut à la perche H Armand Duplantis Suède
92%
110 m haies H Grant Holloway États Unis
90%
4 x 100 m F Melissa Jefferson, Sha'Carri Richardson, Twanisha Terry, Gabrielle Thomas États Unis
90%
4 x 400 m H Christopher Bailey, Vernon Norwood, Bryce Deadmon, Rai Benjamin États Unis
88%
4 x 400 m F Shamier Little, Sydney McLaughlin-Levrone, Gabrielle Thomas, Alexis Holmes États Unis
88%
5 000 m H Jakob Ingebrigtsen Norvège
88%
4 x 100 m H Aaron Brown, Jerome Blake, Brendon Rodney, Andre De Grasse Canada
85%
1 500 m H Cole Hocker États Unis
85%
Lancer du poids H Ryan Crouser États Unis
85%
400 m haies F Sydney McLaughlin-Levrone États Unis
85%
400 m haies H Rai Benjamin États Unis
83%
Saut en longueur H Miltiadis Tedoglou Grèce
83%
20 km marche F Yang Jiayu Chine
81%
200 m F Gabrielle Thomas États Unis
81%
100 m haies F Masai Russell États Unis
81%
200 m H Letsile Tebogo Botswana
79%
Saut en longueur F Tara Davis Woodhall États Unis
79%
3 000 m steeple H Soufiane el-Bakkali Maroc
79%
Heptathlon Nafissatou Thiam Belgique
73%
1 500 m F Faith Kipyegon Kenya
73%
5 000 m F Beatrice Chebet Kenya
73%
10 000 m F Beatrice Chebet Kenya
73%
4 x 400 m M Eugene Omalla, Kieke Klaver, Isaya Klein Ikkin, Femke Bol Pays Bas
73%
Saut en hauteur F Yaroslava Mahichikh Ukraine
73%
Marche par équipes M Alvaro Martin, Maria Perez Espagne
71%
800 m H Emmanuel Wanyonyi Kenya
71%
100 m F Julien Alfred Sainte Lucie
67%
Saut à la perche F Nina Kennedy Australie
65%
Marathon F Sifan Hassan Pays Bas
63%
Lancer du javelot F Haruka Kitagchi Japon
60%
Marathon H Tamirat Tola Éthiopie
56%
Triple saut H Jordan Diaz Espagne
54%
Lancer du disque F Valarie Allman États Unis
54%
800 m F Keely Hodgkinson Royaume Uni
54%
10 000 m H Joshua Cheptegei Ouganda
50%
Lancer du marteau F Camryn Rogers Canada
48%
Saut en hauteur H Hamish Kerr Nouvelle Zélande
48%
Lancer du javelot H Arshad Nadeem Pakistan
44%
Lancer du marteau H Ethan Katzberg Canada
42%
Décathlon Markus Rooth Norvège
40%
400 m F Marileidy Paulino République Dominicaine
35%
Triple saut F Thea Lafond Dominique
25%
3 000 m steeple F Winfred Yavi Bahreïn
23%
20 km marche H Brian Daniel Pintado Équateur
23%
Lancer du poids F Yemisi Ogunleye Allemagne
17%
Lancer du disque H Roje Stona Jamaïque
17%
Aucun quiz correspondant
Distribution des résultats
% des personnes avec chaque résultat
Percentile par nombre de réponses
Votre historique - résultats
Vous n’avez pas pris ce quiz